[Event "IECG TE.2007.P.02415 email"]
[Site "IECG email"]
[Date "2007.03.31"]
[Round "?"]
[White "Malmstroem, Jan"]
[Black "Kosyanchuk, Yuriy"]
[Result "1-0"]
[WhiteElo "1849"]
[BlackElo "1400"]
[PlyCount "57"]
[EventDate "2007.03.31"]
[EventType "tourn (corr)"]
[EventRounds "12"]
[SourceTitle "Corr 2024"]
[Source "ChessBase"]
[SourceDate "2023.10.19"]
[SourceVersion "1"]
[SourceVersionDate "2023.10.19"]
[SourceQuality "1"]

1. d4 d5 2. c4 e5 3. dxe5 d4 4. Nf3 Nc6 5. Nbd2 g6 6. Nb3 Bg7 7. Bf4 f6 8. Nbxd4 Nxe5 9. Qb3 Ne7 10. 0-0-0 Qd6 11. Bxe5 fxe5 12. Nf5 Qf6 13. Nxg7+ Qxg7 14. c5 c6 15. e4 Qf6 16. Rd6 Qf4+ 17. Kb1 Qxe4+ 18. Bd3 Qf4 19. g3 Qf7 20. Rd8+ Kxd8 21. Qxf7 Nd5 22. Rd1 Re8 23. Be4 Be6 24. Qxb7 Rc8 25. Nxe5 Rc7 26. Nxc6+ Kd7 27. Rxd5+ Bxd5 28. Nb8+ Rxb8 29. Qxd5+ 1-0

[Event "IECG TE.2005.P.01838 email"]
[Site "IECG email"]
[Date "2005.03.24"]
[Round "2"]
[White "Silva, Marcelo Valeriano"]
[Black "Kosyanchuk, Yuriy"]
[Result "1-0"]
[WhiteElo "800"]
[BlackElo "1400"]
[PlyCount "43"]
[EventDate "2005.03.24"]
[EventType "tourn (corr)"]
[EventRounds "4"]
[SourceTitle "Corr 2024"]
[Source "ChessBase"]
[SourceDate "2023.10.19"]
[SourceVersion "1"]
[SourceVersionDate "2023.10.19"]
[SourceQuality "1"]

1. d4 Nf6 2. c4 c5 3. d5 b5 4. Nf3 bxc4 5. Nc3 d6 6. e4 g6 7. Bxc4 Bg7 8. 0-0 0-0 9. Bg5 Bg4 10. h3 Bd7 11. e5 dxe5 12. Nxe5 Ne4 13. Nxe4 Bxe5 14. d6 Bf6 15. Nxf6+ exf6 16. Bh6 Re8 17. Qd5 Be6 18. Qxa8 Qd7 19. Qf3 f5 20. Qc3 f6 21. Rfe1 Kf7 22. Rxe6 1-0

[Event "IECG TE.2005.P.01838 email"]
[Site "IECG email"]
[Date "2005.03.24"]
[Round "?"]
[White "Speisser, Patrick"]
[Black "Kosyanchuk, Yuriy"]
[Result "1-0"]
[WhiteElo "2066"]
[BlackElo "1400"]
[PlyCount "47"]
[EventDate "2005.03.24"]
[EventType "tourn (corr)"]
[EventRounds "4"]
[SourceTitle "Corr 2008"]
[Source "ChessBase"]
[SourceDate "2008.06.24"]
[SourceVersion "1"]
[SourceVersionDate "2008.06.24"]
[SourceQuality "1"]

1. d4 Nf6 2. c4 c5 3. d5 b5 4. Nf3 bxc4 5. Nc3 d6 6. e4 e5 7. dxe6 Bxe6 8. Ng5 Qd7 9. Nxe6 Qxe6 10. Qa4+ Nbd7 11. Bxc4 Qg4 12. 0-0 Be7 13. Nd5 Nxd5 14. Bxd5 Rb8 15. h3 Qe2 16. Bc6 0-0 17. Bxd7 Bf6 18. Bg4 Rb4 19. Qxb4 cxb4 20. Bxe2 Rc8 21. Rd1 Rc2 22. Kf1 g6 23. Rxd6 a5 24. Rxf6 1-0